000 00594nam a2200193 4500
001 109520
003 ES-MaACL
005 20230906184846.0
007 t|
008 061121s1982 xxu r ||||1| eng d
020 _a0-300-03079-7
100 1 _aOlson, Mancur.
_987015
245 1 4 _aThe rise and decline of nations
_b: economic growth, stagflation, and social rigidities /
_cMancur Olson.
260 _aNew Haven (USA) :
_bYale University Press,
_ccop. 1982.
300 _aXI, 273 p. ;
_c21 cm.
500 _aIndice.
504 _aBibliografía.
852 _aES-MaACL
_jL-12324
_bR.114826
999 _c109520
_d109520